000 00740nam a2200241Ia 4500
003 GCL
008 140319s9999 xx 000 0 ara d
040 _aGCL /
_cGCL
082 0 4 _a810.99
_bع ع
100 1 _aعبدالرحمن شلش
245 1 0 _aعلى شلش الغائب الحاضر /
_cعبدالرحمن شلش
260 _a[S.N] :
_bالهيئة المصرية العامة للكتاب ،
_c1994
300 _a278 ص
490 _a
650 0 4 _aالشعر العربى
650 0 4 _aالادب العربى
650 0 4 _aالعصر الحديث
650 0 4 _aالمقالات العربية
650 0 4 _aدواوين وقصائد
650 0 4 _aعلى شلش
650 0 4 _aتاريخ ونقد
942 _2ddc
_cBK
999 _c33461
_d33461